<?xml version="1.0" encoding="UTF-8"?>
<marc:record xmlns:marc="http://www.loc.gov/MARC21/slim">
   <marc:leader>00000nam a2200000 a 4500</marc:leader>
   <marc:datafield ind1="1" ind2=" " tag="100">
      <marc:subfield code="a">Hassenmüller, Heidi</marc:subfield>
      <marc:subfield code="4">aut</marc:subfield>
      <marc:subfield code="e">Verfasser/-in</marc:subfield>
   </marc:datafield>
   <marc:datafield ind1=" " ind2=" " tag="653">
      <marc:subfield code="a">Jugendliteratur</marc:subfield>
   </marc:datafield>
   <marc:datafield ind1=" " ind2=" " tag="653">
      <marc:subfield code="a">Roman</marc:subfield>
   </marc:datafield>
   <marc:datafield ind1=" " ind2=" " tag="653">
      <marc:subfield code="a">Magersucht</marc:subfield>
   </marc:datafield>
   <marc:datafield ind1=" " ind2=" " tag="653">
      <marc:subfield code="a">Essensstörung</marc:subfield>
   </marc:datafield>
   <marc:datafield ind1="0" ind2="0" tag="245">
      <marc:subfield code="a">Majas Macht</marc:subfield>
   </marc:datafield>
   <marc:datafield ind1="0" ind2="0" tag="245">
      <marc:subfield code="c">Heidi Hassenmüller</marc:subfield>
   </marc:datafield>
   <marc:datafield ind1=" " ind2="1" tag="264">
      <marc:subfield code="a">München</marc:subfield>
      <marc:subfield code="b">Ellermann</marc:subfield>
      <marc:subfield code="c">2001</marc:subfield>
   </marc:datafield>
   <marc:datafield ind1="1" ind2=" " tag="520">
      <marc:subfield code="a">Maja wird magersüchtig und schafft es mit Hilfe von außen, den Kreislauf der Krankheit zu durchbrechen. (ab 12) (JE)      Maja ist die ältere, die tüchtigere, die vernünftigere von den beiden Kindern. Maja tut alles, damit ihre Mutter auf sie stolz sein kann. Sie fühlt sich dann geliebt. Majas Vater wird schwer krank und stirbt relativ bald an Krebs. Maja ist nicht nur fleißig in der Schule, sondern hilft auch ihrem Bruder beim Lernen, ihrer Mutter bei der Arbeit und wechselt sich mit ihr bei der Pflege des Vaters ab. Sie ist an der Grenze ihrer Belastbarkeit, es wird ihr immer wichtiger, sich kontrollieren zu können. Ganz nebenbei hat ihr Körper angefangen, sich zu entwickeln. Sie hört ein paar Gesprächsfetzen der Freundinnen ihrer Mutter über die erste bevorstehende Periode, fängt eine derbe Bemerkung eines älteren Jungen über ihren wachsenden Busen auf... Dieser Ereigniscocktail genügt, Maja wird magersüchtig. Ihre Mutter merkt lange nichts, ist selbst mit dem Tod ihres Ehemannes und ihrem Streben nach Perfektion zu beschäftigt. Doch einer aufmerksamen Turnlehrerin entgeht Majas Wandel nicht. Schlussendlich geht Maja, sogar gegen die Einwände ihrer Mutter, zu einer Therapie und schafft es, nicht mehr nur in Kalorienzahlen zu denken.  ?Majas Macht' ist ein hervorragender Roman für Jugendliche und Erwachsene zum Thema Magersucht, der sich wohltuend von anderen Versuchen in diesem Genre abhebt. Die Gedankenwelt Majas kommt so authentisch herüber, die Reaktion der Umwelt ist so verständlich, dass man sich vornimmt, gleich das eigene Kind wieder genauer zu beobachten. Die Lösung von Majas Problemen gelingt etwas zu rasch und zu sauber, aber das tut der Glaubwürdigkeit des Romanes keinen Abbruch, sondern zeigt im Gegenteil noch mögliche Lösungswege auf. - Ein empfehlenswertes Buch!  *bn* Uschi PirkerMaja wird magersüchtig und schafft es mit Hilfe von außen, den Kreislauf der Krankheit zu durchbrechen. (ab 12) (JE)      Maja ist die ältere, die tüchtigere, die vernünftigere von den beiden Kindern. Maja tut alles, damit ihre Mutter auf sie stolz sein kann. Sie fühlt sich dann geliebt. Majas Vater wird schwer krank und stirbt relativ bald an Krebs. Maja ist nicht nur fleißig in der Schule, sondern hilft auch ihrem Bruder beim Lernen, ihrer Mutter bei der Arbeit und wechselt sich mit ihr bei der Pflege des Vaters ab. Sie ist an der Grenze ihrer Belastbarkeit, es wird ihr immer wichtiger, sich kontrollieren zu können. Ganz nebenbei hat ihr Körper angefangen, sich zu entwickeln. Sie hört ein paar Gesprächsfetzen der Freundinnen ihrer Mutter über die erste bevorstehende Periode, fängt eine derbe Bemerkung eines älteren Jungen über ihren wachsenden Busen auf... Dieser Ereigniscocktail genügt, Maja wird magersüchtig. Ihre Mutter merkt lange nichts, ist selbst mit dem Tod ihres Ehemannes und ihrem Streben nach Perfektion zu beschäftigt. Doch einer aufmerksamen Turnlehrerin entgeht Majas Wandel nicht. Schlussendlich geht Maja, sogar gegen die Einwände ihrer Mutter, zu einer Therapie und schafft es, nicht mehr nur in Kalorienzahlen zu denken.  &#x93;Majas Macht' ist ein hervorragender Roman für Jugendliche und Erwachsene zum Thema Magersucht, der sich wohltuend von anderen Versuchen in diesem Genre abhebt. Die Gedankenwelt Majas kommt so authentisch herüber, die Reaktion der Umwelt ist so verständlich, dass man sich vornimmt, gleich das eigene Kind wieder genauer zu beobachten. Die Lösung von Majas Problemen gelingt etwas zu rasch und zu sauber, aber das tut der Glaubwürdigkeit des Romanes keinen Abbruch, sondern zeigt im Gegenteil noch mögliche Lösungswege auf. - Ein empfehlenswertes Buch!  *bn* Uschi Pirker</marc:subfield>
   </marc:datafield>
   <marc:datafield ind1=" " ind2=" " tag="020">
      <marc:subfield code="a">9783770731350</marc:subfield>
      <marc:subfield code="9">9783770731350</marc:subfield>
   </marc:datafield>
   <marc:datafield ind1=" " ind2=" " tag="041">
      <marc:subfield code="a">ger</marc:subfield>
   </marc:datafield>
   <marc:datafield ind1=" " ind2=" " tag="300">
      <marc:subfield code="a">174 S.</marc:subfield>
   </marc:datafield>
</marc:record>
